Statistics for A-Z: Spain

Click here to take the quiz!

General Stats

  • This quiz has been taken 39 times
  • The average score is 18 of 25

Answer Stats

HintPAnswer% Correct
Would-be independent regionCCatalonia
94%
Spanish name for SpainEEspaña
94%
British territory south of SpainGGibraltar
94%
Peninsula that Spain is located onIIberia
94%
The title of the aboveKKing
94%
Sierra ------, sounds like a US stateNNevada
94%
3rd biggest city in SpainVValencia
92%
A fictional Don, from La ManchaQQuixote
89%
Biggest island in the BalearicsMMallorca
86%
You can see the Guggenheim Museum hereBBilbao
83%
Queen Isabella's husbandFFerdinand II
83%
City in northern SpainZZaragoza
83%
"See you later" Arnie said in Spanish..."Baby"HHasta La Vista
81%
Largest of the Canary IslandsTTenerife
78%
Famous church that is still under constructionSSagrada Familia
72%
Ruler of Spain who abdicated in 2014JJuan Carlos
69%
Famous museum in MadridPPrado
67%
Moorish castle in AndaluciaAAlhambra
64%
One of the Three TenorsDPlacido Domingo
61%
Barcelona ex-footballer and managerXXavi
61%
Largest city in the Canary IslandsLLas Palmas
56%
Spanish wine producing regionRRioja
56%
Capital of AsturiasOOviedo
44%
Spanish word for grapeUUva
44%
War in the early 18th century where Spain was against Great Britain and AustriaWWar of Spanish Succession
8%

Score Distribution

Percentile by Number Answered

Percent of People with Each Score

Your Score History

You have not taken this quiz